Nouvelle Vague/Frech New Wave Directors by films - Statistics

General Stats
  • This quiz has been taken 76 times
  • The average score is 9 of 14
Answer Stats
Hint Answer % Correct
Breathless, Le Mépris, Pierrot Le Fou Jean-Luc Godard
95%
Cleo from 5 to 7, Le Bonheur, La Pointe Courte Agnés Varda
91%
Les Quatre Cents Coups, La Nuit Américaine, Jules et Jim François Truffaut
89%
Hiroshima Mon Amour, Nuit et Brouillard, Muriel Alain Resnais
77%
Les Parapluies de Cherbourg, Les Demoiselles de Rochefort, La Baie des Anges Jacques Demy
75%
Le Rayon Vert, Ma Nuit Chez Maud, Conte d'été Eric Rohmer
69%
Le Samourai, Le Cercle Rouge, Le Doulos Jean-Pierre Melville
67%
La Jetée, Sans Soleil, A Grin Without a Cat Chris Marker
63%
Elevator to the Gallows, Le Feu follet, My Dinner with Andre Louis Malle
61%
Le Beau Serge, La Cérémonie, L'Enfer (Torment) Claude Chabrol
56%
La Belle Noiseuse, La Religieuse, Out 1 Jacques Rivette
55%
The Mother and the Whore, Mes Petites Amoreuses, Le Cochon Jean Eustache
42%
Adieu Philippine, Maine Ocean, Blue Jeans Jacques Rozier
17%
Othon, Sicilia!, Chronik der Anna Magdalena Bach Straub-Huillet
16%
No matching quizzes found
Score Distribution
Percent of People with Each Score
Percentile by Number Answered
Your Score History
You have not taken this quiz